<?xml version="1.0" encoding="UTF-8"?>
<record
    xmlns:xsi="http://www.w3.org/2001/XMLSchema-instance"
    xsi:schemaLocation="http://www.loc.gov/MARC21/slim http://www.loc.gov/standards/marcxml/schema/MARC21slim.xsd"
    xmlns="http://www.loc.gov/MARC21/slim">

  <leader>03013cam a22003738i 4500</leader>
  <datafield tag="999" ind1=" " ind2=" ">
    <subfield code="c">28097</subfield>
    <subfield code="d">28068</subfield>
  </datafield>
  <controlfield tag="001">20936560</controlfield>
  <controlfield tag="003">EG-ScBUE</controlfield>
  <controlfield tag="005">20200215115248.0</controlfield>
  <controlfield tag="008">190411s2020    enk    f b    001 0 eng d</controlfield>
  <datafield tag="020" ind1=" " ind2=" ">
    <subfield code="a">9781138583528 (pbk. : alk. paper)</subfield>
  </datafield>
  <datafield tag="040" ind1=" " ind2=" ">
    <subfield code="a">LBSOR/DLC</subfield>
    <subfield code="b">eng</subfield>
    <subfield code="e">rda</subfield>
    <subfield code="c">LBSOR</subfield>
    <subfield code="d">DLC</subfield>
    <subfield code="d">EG-ScBUE</subfield>
  </datafield>
  <datafield tag="043" ind1=" " ind2=" ">
    <subfield code="a">e-uk---</subfield>
  </datafield>
  <datafield tag="082" ind1="0" ind2="4">
    <subfield code="a">070.449796</subfield>
    <subfield code="b">BRA</subfield>
    <subfield code="2">22</subfield>
  </datafield>
  <datafield tag="100" ind1="1" ind2=" ">
    <subfield code="a">Bradshaw, Tom,</subfield>
    <subfield code="d">1979-</subfield>
    <subfield code="e">author.</subfield>
    <subfield code="9">36746</subfield>
  </datafield>
  <datafield tag="245" ind1="1" ind2="0">
    <subfield code="a">Sports journalism :</subfield>
    <subfield code="b">the state of play /</subfield>
    <subfield code="c">Tom Bradshaw and Daragh Minogue.</subfield>
  </datafield>
  <datafield tag="264" ind1=" " ind2="1">
    <subfield code="a">Milton Park, Abingdon, Oxon ;</subfield>
    <subfield code="a">New York, NY :</subfield>
    <subfield code="b">Routledge, Taylor and Francis Group,</subfield>
    <subfield code="c">2020.</subfield>
  </datafield>
  <datafield tag="300" ind1=" " ind2=" ">
    <subfield code="a">x,190 pages ;</subfield>
    <subfield code="c"> 24 cm.</subfield>
  </datafield>
  <datafield tag="336" ind1=" " ind2=" ">
    <subfield code="a">text</subfield>
    <subfield code="2">rdacontent</subfield>
    <subfield code="b">txt</subfield>
  </datafield>
  <datafield tag="337" ind1=" " ind2=" ">
    <subfield code="a">unmediated</subfield>
    <subfield code="2">rdamedia</subfield>
    <subfield code="b">n</subfield>
  </datafield>
  <datafield tag="338" ind1=" " ind2=" ">
    <subfield code="a">volume</subfield>
    <subfield code="2">rdacarrier</subfield>
    <subfield code="b">nc</subfield>
  </datafield>
  <datafield tag="490" ind1="0" ind2=" ">
    <subfield code="a">Media skills</subfield>
  </datafield>
  <datafield tag="504" ind1=" " ind2=" ">
    <subfield code="a">Includes bibliographical references and index.</subfield>
  </datafield>
  <datafield tag="505" ind1="0" ind2=" ">
    <subfield code="a">The changing role of the sports journalist -- The history of sports journalism: continuity and discontinuity -- Sports journalism, nationalism and politics -- Defining sports news -- Ethics, regulation and law for the sports journalist -- Sports media relations and complicit sports journalism -- Racism, representation and the sports media -- Female sports journalists and coverage of women's sport -- LGBT, disability sport and inclusive sports journalism -- Extra time: a tentative look into the future of sports journalism.</subfield>
  </datafield>
  <datafield tag="520" ind1=" " ind2=" ">
    <subfield code="a">"Based on interviews with leading sports journalists and grounded in the authors' experience and expertise in the sports journalism industry and sports media research, Sports Journalism gives in-depth insight into the editorial and ethical challenges facing sports journalists in a fast-changing media environment. The book considers how sport journalism's past has shaped its present and explores the future trends and trajectories that the industry could take. The far-reaching consequences of the digital revolution and social media on sports journalists' work are analysed, with prominent sports writers, broadcasters and academics giving their insights. While predominantly focused on the UK sports media industry, the book also provides a global perspective, and includes case studies, research and interviews from around the world. Issues of diversity - or a lack of it - in the industry are put into sharp focus. Sports Journalism gives both practising sports journalists and aspiring sports journalists vital contextualising information to make them more thoughtful and reflective practitioners"--</subfield>
    <subfield code="c">Provided by publisher.</subfield>
  </datafield>
  <datafield tag="650" ind1=" " ind2="7">
    <subfield code="a">Sports journalism</subfield>
    <subfield code="z">Great Britain.</subfield>
    <subfield code="2">BUEsh</subfield>
  </datafield>
  <datafield tag="653" ind1=" " ind2=" ">
    <subfield code="b">COMAME</subfield>
    <subfield code="c">February2020</subfield>
  </datafield>
  <datafield tag="655" ind1=" " ind2=" ">
    <subfield code="v">Reading book</subfield>
    <subfield code="9">34232</subfield>
  </datafield>
  <datafield tag="700" ind1="1" ind2=" ">
    <subfield code="a">Minogue, Daragh,</subfield>
    <subfield code="e">author.</subfield>
  </datafield>
  <datafield tag="776" ind1="0" ind2="8">
    <subfield code="i">Online version:</subfield>
    <subfield code="a">Bradshaw, Tom, 1979- author.</subfield>
    <subfield code="t">Sports journalism</subfield>
    <subfield code="d">London ; New York : Routledge, 2019</subfield>
    <subfield code="z">9780429505409</subfield>
    <subfield code="w">(DLC) 2019019028</subfield>
  </datafield>
  <datafield tag="906" ind1=" " ind2=" ">
    <subfield code="a">7</subfield>
    <subfield code="b">cbc</subfield>
    <subfield code="c">orignew</subfield>
    <subfield code="d">1</subfield>
    <subfield code="e">ecip</subfield>
    <subfield code="f">20</subfield>
    <subfield code="g">y-gencatlg</subfield>
  </datafield>
  <datafield tag="942" ind1=" " ind2=" ">
    <subfield code="2">ddc</subfield>
    <subfield code="c">BB</subfield>
  </datafield>
  <datafield tag="952" ind1=" " ind2=" ">
    <subfield code="0">0</subfield>
    <subfield code="1">0</subfield>
    <subfield code="2">ddc</subfield>
    <subfield code="4">0</subfield>
    <subfield code="7">0</subfield>
    <subfield code="8">Alahram</subfield>
    <subfield code="a">MAIN</subfield>
    <subfield code="b">MAIN</subfield>
    <subfield code="c">LOW</subfield>
    <subfield code="d">2020-02-15</subfield>
    <subfield code="e">Purchase</subfield>
    <subfield code="g">550.00</subfield>
    <subfield code="h">487</subfield>
    <subfield code="l">0</subfield>
    <subfield code="o">070.449796 BRA</subfield>
    <subfield code="p">000048667</subfield>
    <subfield code="r">2025-07-15 00:00:00</subfield>
    <subfield code="v">687.50</subfield>
    <subfield code="w">2020-02-15</subfield>
    <subfield code="y">BB</subfield>
  </datafield>
</record>
